Statistics for 2021/22 Premier League Debutants

Click here to take the quiz!

General Stats

  • This quiz has been taken 7 times
  • The average score is 71 of 128

Answer Stats

% Correct
Manchester CityEnglandAM19Cole Palmer4
100%
Tottenham HotspurArgentinaCB23Crisitan Romero221
100%
Tottenham HotspurBrazilRB22Emerson Royal311
100%
LiverpoolFranceCB22Ibrahima Konate11
100%
Manchester UnitedEnglandLW21Jadon Sancho293
100%
Wolverhampton WanderersPortugalGK28Jose Sa37
100%
Aston VillaJamaicaLW24Leon Bailey181
100%
LiverpoolColombiaLW25Luis Diaz134
100%
Manchester UnitedFranceCB28Raphael Varane221
100%
ChelseaSpainCM26Saul Niguez10
100%
ArsenalBelgiumCM21Albert Sambi Lokonga19
80%
Manchester UnitedArgentinaLW17Alejandro Garnacho2
80%
Leicester CityFranceDM22Boubakary Soumare19
80%
Tottenham HotspurSpainLW20Bryan Gil9
80%
BrentfordCameroonRW22Bryan Mbeumo354
80%
BrentfordDenmarkDM27Christian Norgaard353
80%
BrentfordSpainGK25David Raya24
80%
Tottenham HotspurSwedenRW21Dejan Kulusevski185
80%
WatfordNigeriaST23Emmanuel Dennis3310
80%
Brighton & Hove AlbionZambiaCM23Enock Mwepu182
80%
BrentfordJamaicaCB28Ethan Pinnock321
80%
Brighton & Hove AlbionIrelandST17Evan Ferguson1
80%
ArsenalUnited StatesST20Folarin Balogun2
80%
Wolverhampton WanderersSouth KoreaST25Hwang Hee-chan305
80%
Brighton & Hove AlbionEnglandGK31Jason Steele1
80%
Leeds UnitedSpainLB24Junior Firpo24
80%
Manchester CityBrazilRW18Kayky1
80%
Leicester CityEnglandCM22Kiernan Dewsbury-Hall281
80%
Brighton & Hove AlbionSpainLB23Marc Cucurella351
80%
Crystal PalaceEnglandCB21Marc Guehi362
80%
BrentfordDenmarkCM25Mathias Jensen31
80%
BurnleyIvory CoastLW24Maxwel Cornet269
80%
Crystal PalaceFranceRW19Michael Olise262
80%
Norwich CityKosovoRW25Milot Rashica311
80%
Brighton & Hove AlbionEcuadorDM20Moises Caicedo81
80%
Crystal PalaceEnglandCB21Nathan Ferguson1
80%
ArsenalPortugalLB21Nuno Tavares221
80%
Crystal PalaceFranceST23Odsonne Edouard286
80%
Leicester CityZambiaST22Patson Daka235
80%
BrentfordSwedenCB30Pontus Jansson373
80%
BrentfordEnglandLB24Rico Henry343
80%
Tottenham HotspurUruguayCM24Rodrigo Bentancur17
80%
SouthamptonFranceLB23Romain Perraud20
80%
ArsenalJapanRB22Takehiro Tomiyasu21
80%
SouthamptonEnglandRB18Tino Livramento281
80%
ChelseaEnglandCB22Trevoh Chalobah203
80%
EvertonUkraineLB22Vitaliy Mykolenko131
80%
BrentfordGermanyDM23Vitaly Janelt314
80%
WatfordNigeriaCB27William Troost-Ekong17
80%
BurnleyNetherlandsST29Wout Weghorst202
80%
West Ham UnitedCzech RepublicDM23Alex Kral1
60%
Newcastle UnitedBrazilDM24Bruno Guimaraes175
60%
Aston VillaEnglandST19Cameron Archer3
60%
Norwich CityGreeceLW19Christos Tzolis14
60%
Leeds UnitedNetherlandsRW19Crysencio Summerville6
60%
WatfordColombiaST22Cucho Hernandez255
60%
BrentfordNigeriaCM23Frank Onyeka20
60%
WatfordIvory CoastLB27Hassane Kamara191
60%
WatfordMoroccoCM22Imran Louza20
60%
Brighton & Hove AlbionEcuadorAM19Jeremy Sarmiento5
60%
Norwich CityUnited StatesST21Josh Sargent262
60%
BrentfordNorwayCB23Kristoffer Ajer241
60%
SouthamptonBrazilCB24Lyanco15
60%
BurnleyIrelandCB20Nathan Collins192
60%
WatfordCameroonCB31Nicolas N'Koulou3
60%
WatfordNigeriaCM25Peter Etebo9
60%
Norwich CityFranceDM28Pierre Lees-Melou331
60%
Leeds UnitedEnglandAM19Sam Greenwood7
60%
Wolverhampton WanderersPortugalCB22Toti Gomes4
60%
BrentfordDR CongoLW24Yoane Wissa307
60%
BrentfordSpainGK23Alvaro Fernandez12
40%
BrentfordEnglandCB26Charlie Goode6
40%
Wolverhampton WanderersWalesAM19Chem Campbell1
40%
Wolverhampton WanderersPortugalLW22Chiquinho8
40%
Leeds UnitedEnglandRB19Cody Drameh3
40%
WatfordAustriaGK27Daniel Bachmann12
40%
Norwich CityGreeceLB25Dimitrios Giannoulis18
40%
BrentfordEnglandLB21Dominic Thompson2
40%
WatfordDR CongoDM23Edo Kayembe13
40%
EvertonEnglandST20Ellis Simms1
40%
BrentfordWalesRB18Fin Stevens1
40%
Wolverhampton WanderersPortugalRW21Francisco Trincao282
40%
Newcastle UnitedEnglandGK24Freddie Woodman4
40%
EvertonNorthern IrelandCM18Isaac Price1
40%
Norwich CityDenmarkDM23Jacob Sorensen10
40%
Manchester CityEnglandCM19James McAtee2
40%
Leeds UnitedEnglandST19Joe Gelhardt202
40%
Norwich CityEnglandAM18Jonathan Rowe13
40%
BrentfordEnglandCM23Josh Dasilva9
40%
LiverpoolEnglandRW17Kaide Gordon1
40%
Leeds UnitedNorwayLB18Leo Hjelde2
40%
EvertonEnglandLW18Lewis Dobbin3
40%
BrentfordDenmarkCB22Mads Bech Sorensen11
40%
BrentfordDenmarkRB22Mads Roerslev211
40%
ChelseaFranceCB22Malang Sarr8
40%
BrentfordFinlandST22Marcus Forss7
40%
Norwich CityNorwayDM25Mathias Normann231
40%
WatfordTurkeyCM26Ozan Tufan7
40%
Norwich CityPolandLW23Przemyslaw Placheta12
40%
BrentfordIranAM27Saman Ghoddos171
40%
WatfordNigeriaRW24Samuel Kalu4
40%
BrentfordGrenadaCM23Shandon Baptiste221
40%
BrentfordGhanaLW26Tariqe Fosu1
40%
Aston VillaEnglandCM18Tim Iroegbunam3
40%
EvertonEnglandCM18Tyler Onyango3
40%
Norwich CityIrelandCB19Andrew Omobamidele51
20%
Norwich CityEnglandRB19Bali Mumba1
20%
Leeds UnitedEnglandCB19Charlie Cresswell5
20%
Manchester CityEnglandCB19CJ Egan-Riley1
20%
West Ham UnitedEnglandRM19Dan Chesters1
20%
WatfordChileCB24Francisco Sierralta5
20%
West Ham UnitedScotlandRB20Harrison Ashby1
20%
Crystal PalaceEnglandRW18Jesurun Rak-Sakyi2
20%
WatfordSlovakiaCM34Juraj Kucka261
20%
Leicester CityEnglandAM20Kasey McAteer1
20%
Leeds UnitedNorwayGK21Kristoffer Klaesson1
20%
BrentfordDenmarkCM20Mads Bidstrup4
20%
BrentfordEnglandRW19Nathan Young-Coombes1
20%
WatfordBrazilCB27Samir Caetano19
20%
West Ham UnitedEnglandST17Sonny Perkins1
20%
Norwich CityIrelandRW19Tony Springett3
20%
LiverpoolEnglandDM19Tyler Morton2
20%
Leeds UnitedEnglandCM19Lewis Bate3
0%
Leicester CityEnglandDM21Lewis Brunt1
0%
Leeds UnitedScotlandLB20Liam McCarron1
0%
Wolverhampton WanderersEnglandCM19Luke Cundle4
0%
Leeds UnitedScotlandLW19Stuart McKinstry1
0%
Brighton & Hove AlbionEnglandCM20Taylor Richards2
0%

Score Distribution

Percentile by Number Answered

Percent of People with Each Score

Your Score History

You have not taken this quiz